Statistics for Guess the Song - Part Three

Click here to take the quiz!

General Stats

  • This quiz has been taken 173 times
    (133 since last reset)
  • The average score is 21 of 32

Answer Stats

Author/Song% Correct
Bee Gees - Stayin' {Alive}
94%
Bobby McFerrin - Don't Worry Be {Happy}
94%
Europe - The Final {Countdown}
93%
Louis Armstrong - What a {Wonderful} World
93%
Prince - Purple {Rain}
91%
Survivor - Eye of {Tiger}
91%
INXS - Never Tear Us {Apart}
87%
Andrea Bocelli & Sarah Brightman - Time to Say {Goodbye}
86%
Roxette - Listen to your {Heart}
85%
Pet Shop Boys - Always on my {Mind}
82%
Wham! - Careless {Whisper}
81%
Kiss - I Was Made for {Lovin'} {You}
80%
Ray Charles - Hit the Road {Jack}
80%
Simon & Garfunkel - The Sound of {Silence}
73%
Steppenwolf - Born to Be {Wild}
73%
The Mamas & the Papas - {California} Dreamin'
68%
USA for Africa - We Are the {World}
68%
David Bowie - Let's {Dance}
65%
The Who - Behind Blue {Eyes}
62%
No Doubt - Don't {Speak}
57%
Seal - Kiss from a {Rose}
56%
The Clash - {London} Calling
56%
Aretha Franklin - A Natural {Woman}
55%
Bill Withers - Ain't no {Sunshine}
54%
Eric Clapton - I Shot the {Sheriff}
53%
Dr Dre & Snoop Dogg - Still {D.R.E.}
52%
Bonnie Tyler - I Need a {Hero}
51%
Red Hot Chilli Peppers - By the {Way}
51%
Janis Joplin - Cry {Baby}
38%
Tom Jones - It's Not {Unusual}
35%
Electric Light Orchestra - Rock and Roll is {King}
17%
Paul McCartney - Hope of {Deliverance}
11%

Score Distribution

Percentile by Number Answered

Percent of People with Each Score

Your Score History

You have not taken this quiz since the last reset